Pengurusan sekolah berkesan di Sekolah Menengah jajahan Gua Musang /
محفوظ في:
| المؤلف الرئيسي: | |
|---|---|
| التنسيق: | أطروحة كتاب |
| اللغة: | Malay |
| منشور في: |
2008.
|
| الموضوعات: | |
| الوسوم: |
إضافة وسم
لا توجد وسوم, كن أول من يضع وسما على هذه التسجيلة!
|
| LEADER | 01167cam a2200277 a 4500 | ||
|---|---|---|---|
| 001 | u782906 | ||
| 003 | SIRSI | ||
| 005 | 200911301221 | ||
| 008 | 091130s2008 my t 000 0 may | ||
| 040 | |a UMM |d UMD | ||
| 043 | |a a-my-kn | ||
| 090 | |a LB7 |b UM 2008 Norm | ||
| 100 | 0 | |a Norisin Mohamad, |e author. | |
| 245 | 1 | 0 | |a Pengurusan sekolah berkesan di Sekolah Menengah jajahan Gua Musang / |c Norisin bin Mohamad. |
| 260 | |c 2008. | ||
| 300 | |a xiii, 218 leaves : |b ill. ; |c 30 cm. | ||
| 502 | |a Dissertation (M. Ed.) -- Jabatan Pengurusan, Perancangan dan Dasar Pendidikan, Fakulti Pendidikan, Universiti Malaya, 2009. | ||
| 504 | |a Bibliography: leaves 177-193. | ||
| 650 | 0 | |a High schools |z Kelantan |x Administration. | |
| 650 | 0 | |a School management and organization |z Kelantan. | |
| 650 | 0 | |a School administrators |z Kelantan. | |
| 710 | 2 | 0 | |a Universiti Malaya. |b Jabatan Pengurusan, Perancangan dan Dasar Pendidikan. |
| 900 | |a NSR-ZA | ||
| 596 | |a 1 8 | ||
| 999 | |a LB7 UM 2008 NORM |w LC |c 1 |i A513736676 |d 10/7/2019 |e 10/7/2019 |f 18/5/2010 |g 1 |l STACKS |m P01UTAMA |n 41 |r Y |s Y |t TESIS |u 18/5/2010 | ||
| 999 | |a LB7 UM 2008 NORM |w LC |c 1 |i A517751577 |l STACKS |m P08PENDIDI |r Y |s Y |t TESIS |u 15/6/2022 | ||
